| 000 | 00732nam a2200253Ia 4500 | ||
|---|---|---|---|
| 003 | GCL | ||
| 008 | 140319s9999 xx 000 0 ara d | ||
| 040 |
_aGCL / _cGCL |
||
| 082 | 0 | 4 |
_a523.1 _bم هـ |
| 100 | 1 | _aمحمد عبده يمانى | |
| 245 | 1 | 0 |
_aهل نحن وحدنا فى هذا الكون / _cمحمد عبده يمانى |
| 260 |
_a[S.N] : _bبيت القران ، _c1993 |
||
| 300 | _a93 ص | ||
| 490 | _a | ||
| 650 | 0 | 4 | _aالاسلام والعلم |
| 650 | 0 | 4 | _aالنجوم |
| 650 | 0 | 4 | _aالفلك |
| 650 | 0 | 4 | _aالعلماء المسلمون |
| 650 | 0 | 4 | _aالكون |
| 650 | 0 | 4 | _aالفلكيون |
| 650 | 0 | 4 | _aالمجرات |
| 650 | 0 | 4 | _aالاسلام واصل الكون |
| 942 |
_2ddc _cBK |
||
| 999 |
_c36049 _d36049 |
||